| 000 | 00721nam a2200229 a 4500 | ||
|---|---|---|---|
| 001 | 1350 | ||
| 003 | BR-CuiBMT | ||
| 005 | 20231205202348.0 | ||
| 008 | 231205s2007 mtba 000 0 por d | ||
| 040 |
_aBR-CuiBMT _cBR-CuiBMT |
||
| 080 |
_22007 _a35.076 |
||
| 090 |
_dTCE/MT _a35.076 _bM433p |
||
| 110 | 1 |
_aMato Grosso _bTribunal de Contas |
|
| 245 |
_aPerguntas freqüentes e respostas aos jurisdicionais / _cTribunal de Contas do Mato Grosso |
||
| 260 |
_aCuiabá : _bTce - Mato Grosso, _c2007. |
||
| 300 |
_a64 p.: _bil. _c21 cm |
||
| 650 |
_aAdministração pública _zBrasil |
||
| 650 |
_aGestão pública _zBrasil |
||
| 650 | _aTribunais de contas dos estados | ||
| 650 | _aPrestação de contas | ||
| 942 |
_2udc _cLV |
||
| 999 |
_c1350 _d1350 |
||